Normal view
MARC view
Entry Personal Name
001 - CONTROL NUMBER
- control field: 4696
003 - CONTROL NUMBER IDENTIFIER
- control field: BD-RjUL
005 - DATE AND TIME OF LATEST TRANSACTION
- control field: 20220908124445.0
008 - FIXED-LENGTH DATA ELEMENTS
- fixed length control field: 220908|| aca||aabn | a|a d
040 ## - CATALOGING SOURCE
- Original cataloging agency: BD-RjUL
- Transcribing agency: BD-RjUL
100 ## - HEADING--PERSONAL NAME
- Personal name: ندوي, , عبد السلام. ## Nadwi Abdel Salam
670 ## - SOURCE DATA FOUND
- Source citation: Work cat.: (BD-RjUL)80319: الخضري, محمد بن مصطفى الدمياطي # # Al-Khudari , Muhammad bin Mustafa Al-Damiati 4693, تاريخ فقه اسلامي يعني تاريخ التشريع الاسلامي oo [ tarikh fiqh asalamiun yaeni tarikh altashrie alaslamii] /